000 01505cam a2200289 a 4500
001 1353
005 20240731150332.0
020 _a9781426302855 (trade paper : alk. paper)
020 _a9781426302879 (library : alk. paper)
020 _a9780545112765
040 _aDLC
_cDLC
_dDLC
050 0 0 _aQE521.3
_b.S34 2008
082 0 0 _a551.21
_222
100 1 _aSchreiber, Anne
245 1 0 _aVolcanoes! /
_cAnne Schreiber
260 _aWashington, D.C. :
_bNational Geographic,
_c2008.
300 _a31 pages :
_bcolor illustrations, map ;
_c23 cm
490 0 _aNational geographic kids science readers series
505 0 _aM
505 0 _aMountains of fire -- Hot rocks -- Shaky plates -- An island is born -- The ring of fire -- Meet a volcano...or three -- The true story of Crater Lake -- Volcanoes rock -- Volcanic record breakers -- Hot spots -- Exploding ending -- Picture glossary.
520 _aThe cool story of volcanoes will intrigue kids and adults alike. Hot melted rock from the middle of our planet forces its way up through cracks in the Earth’s crusts, exploding violently and sometimes unexpectedly in volcanic fury that can terrorize populations for months, even years. Anne Schreiber’s narrative gives readers a little of the science, a little of the history, and a lot of the action.
521 _a710
_bLexile NC
521 _aM
_bRaz-Plus
650 0 _aVolcanoes
_vJuvenile literature.
906 _a7
_bcbc
_corignew
_d1
_eecip
_f20
_gy-gencatlg
942 _2ddc
_cBK
_n0
999 _c1353
_d1353